Το παιδί με τη ριγέ μπλούζα

Αποθηκεύτηκε σε:
Λεπτομέρειες βιβλιογραφικής εγγραφής
Κύριος συγγραφέας: Χουσνή, Έλενα
Άλλοι συγγραφείς: Χουτόπουλος, Γιάννης Γ. (Επιμελητής έκδοσης)
Μορφή: Βιβλίο
Γλώσσα:Greek
Δημοσίευση: Αθήνα : Εκδόσεις Κύφαντα, c2017.
Σειρά:Ιστός. Αστυνομική λογοτεχνία ; 3
Θέματα:
Ετικέτες: Προσθήκη ετικέτας
Δεν υπάρχουν, Καταχωρήστε ετικέτα πρώτοι!

MARC

LEADER 00000cam a2200000 a 4500
001 1/114618
008 170809t2017####gr | ||| |||| ||gre||
020 |a 9786188223349  
040 |a GR-MyUa  |b gre  |c GR-MyUa  |e AACR2 
041 0 |a gre 
082 7 |a 889.3   |2 (23) 
100 1 |a Χουσνή, Έλενα. 
245 1 3 |a Το παιδί με τη ριγέ μπλούζα /   |c Έλενα Χουσνή ; επιμέλεια έκδοσης Γιάννης Γ. Χουτόπουλος.  
260 |a Αθήνα :   |b Εκδόσεις Κύφαντα,   |c c2017.  
300 |a 387 σ. ;   |c 21 εκ.  
490 1 |a (Ιστός. Αστυνομική Λογοτεχνία ;   |v 3)  
650 0 |a Greek fiction, Modern  |y 21st century. 
650 0 |a Detective and mystery stories. 
650 0 |a Computer crimes  |x Fiction. 
700 1 |a Χουτόπουλος, Γιάννης Γ.  |e edt 
830 0 |a Ιστός.   |p Αστυνομική λογοτεχνία ;  |v 3 
852 |a INST  |b RHODES  |e 20231018  |h 889.3 ΧΟΥ  |p 005400043852  |q 005400043852  |t BK  |y 0 
852 |a INST  |b SAMOS  |e 20170809  |h 889.3 ΧΟΥ  |p 005300044730  |q 005300044730  |t BK  |y 0 
970 |a Φιλιππή  |b Φάλη  |z 09-08-2017